[Event "Niederbayrische Einzelmeisterschaft"]
[Site "Röhrnbach"]
[Date "2014.04.24"]
[Round "1.1"]
[White "Mueller, Michael"]
[Black "Albrecht, Manuel"]
[Result "1-0"]
[WhiteElo "2088"]
[BlackElo "1662"]
[PlyCount "37"]
[EventDate "2014.04.??"]
[EventType "swiss"]
[EventRounds "7"]
[EventCountry "GER"]
[SourceDate "2015.12.24"]
[SourceVersion "1"]
[SourceVersionDate "2015.12.24"]
[SourceQuality "1"]
[WhiteTeam "SC Bayerwald Regen/Zwiesel"]
[BlackTeam "SK Landau-Dingolfing"]

1. e4 e6 2. d3 d5 3. Nd2 Nf6 4. Ngf3 Be7 5. g3 O-O 6. Bg2 c5 7. O-O Nc6 8. Re1
Rb8 9. e5 Nd7 10. Nf1 h6 11. h4 f6 12. exf6 Nxf6 13. Bf4 Bd6 14. Ne5 Nxe5 15.
Bxe5 Bxe5 16. Rxe5 Qd6 17. d4 cxd4 18. Qxd4 Nd7 19. Rxe6 1-0

[Event "Niederbayrische Einzelmeisterschaft"]
[Site "Röhrnbach"]
[Date "2014.04.24"]
[Round "1.2"]
[White "Wilhelm, Walter"]
[Black "Stadler, Alexander"]
[Result "0-1"]
[WhiteElo "1597"]
[BlackElo "2057"]
[PlyCount "48"]
[EventDate "2014.04.??"]
[EventType "swiss"]
[EventRounds "7"]
[EventCountry "GER"]
[SourceDate "2015.12.24"]
[SourceVersion "1"]
[SourceVersionDate "2015.12.24"]
[SourceQuality "1"]
[WhiteTeam "TSV Kreuzberg"]
[BlackTeam "SV Deggendorf"]

1. c4 e5 2. Nc3 d6 3. g3 c6 4. Bg2 Be7 5. e3 Be6 6. Qb3 Qc7 7. Nge2 Na6 8. d4
h5 9. d5 Bd7 10. O-O Rb8 11. a4 h4 12. Qc2 hxg3 13. fxg3 Qc8 14. Be4 Nb4 15.
Qb1 Nf6 16. Bf5 Bxf5 17. Rxf5 g6 18. Rf2 Qh3 19. Rg2 Ng4 20. Ne4 Nxh2 21. Nf2
Nf3+ 22. Kf1 Qf5 23. e4 Qf6 24. Ng4 Nh2+ 0-1

[Event "Niederbayrische Einzelmeisterschaft"]
[Site "Röhrnbach"]
[Date "2014.04.24"]
[Round "1.3"]
[White "Fuchs, Michael"]
[Black "Angerer, Dieter"]
[Result "1-0"]
[WhiteElo "2031"]
[BlackElo "1531"]
[PlyCount "85"]
[EventDate "2014.04.??"]
[EventType "swiss"]
[EventRounds "7"]
[EventCountry "GER"]
[SourceDate "2015.12.24"]
[SourceVersion "1"]
[SourceVersionDate "2015.12.24"]
[SourceQuality "1"]
[WhiteTeam "DJK SF Haselbach"]
[BlackTeam "SC Sonnen"]

1. e4 e5 2. Nf3 d6 3. d4 exd4 4. Nxd4 Nf6 5. Nc3 Be7 6. Bc4 O-O 7. O-O Nbd7 8.
h3 Ne5 9. Be2 Bd7 10. f4 Nc6 11. Nf3 h6 12. Kh2 Re8 13. a3 a6 14. Bd3 Qc8 15.
Be3 b5 16. b4 Bf8 17. Qd2 Ne7 18. Bd4 Nh7 19. Qf2 Nc6 20. Be3 Re7 21. Nd5 Re8
22. c4 Ne7 23. Nc3 c6 24. Rac1 Qb7 25. Rfd1 Nc8 26. e5 dxe5 27. Nxe5 Nf6 28.
Nxd7 Nxd7 29. Bf5 Rd8 30. Qd2 Nd6 31. Bxd7 Nxc4 32. Qd4 Nxe3 33. Qxe3 Rxd7 34.
Rxd7 Qxd7 35. Rd1 Qc7 36. Ne4 Re8 37. Nf6+ gxf6 38. Qxe8 Qxf4+ 39. Kh1 Qc4 40.
Qe3 Qc2 41. Qg3+ Qg6 42. Qxg6+ fxg6 43. Rc1 1-0

[Event "Niederbayrische Einzelmeisterschaft"]
[Site "Röhrnbach"]
[Date "2014.04.24"]
[Round "1.4"]
[White "Haas, Karl-Heinz"]
[Black "Palmi, Herbert"]
[Result "0-1"]
[WhiteElo "1564"]
[BlackElo "1946"]
[PlyCount "50"]
[EventDate "2014.04.??"]
[EventType "swiss"]
[EventRounds "7"]
[EventCountry "GER"]
[SourceDate "2015.12.24"]
[SourceVersion "1"]
[SourceVersionDate "2015.12.24"]
[SourceQuality "1"]
[WhiteTeam "DJK SF Haselbach"]
[BlackTeam "SC Bayerwald Regen/Zwiesel"]

1. f4 d6 2. Nf3 Nd7 3. e3 c6 4. b3 e5 5. fxe5 dxe5 6. Bb2 Bd6 7. Be2 e4 8. Bxg7
exf3 9. Bxf3 Qh4+ 10. g3 Bxg3+ 11. Ke2 Be5 12. Bxh8 Bxh8 13. d4 Ne7 14. Nd2 Nf6
15. Qf1 Bf5 16. c4 O-O-O 17. Qf2 Qh6 18. e4 Nxe4 19. Bxe4 Bxe4 20. d5 Qh5+ 21.
Ke1 Bxh1 22. Qxa7 Qe5+ 23. Kf2 Qxh2+ 24. Ke1 Bxa1 25. dxc6 Qxd2+ 0-1

[Event "Niederbayrische Einzelmeisterschaft"]
[Site "Röhrnbach"]
[Date "2014.04.24"]
[Round "1.5"]
[White "Berisha, Regjep"]
[Black "Huber, Florian"]
[Result "1-0"]
[WhiteElo "1949"]
[BlackElo "1517"]
[PlyCount "89"]
[EventDate "2014.04.??"]
[EventType "swiss"]
[EventRounds "7"]
[EventCountry "GER"]
[SourceDate "2015.12.24"]
[SourceVersion "1"]
[SourceVersionDate "2015.12.24"]
[SourceQuality "1"]
[WhiteTeam "SV Röhrnbach"]
[BlackTeam "SK Landau-Dingolfing"]

1. e4 c5 2. b4 e5 3. bxc5 Bxc5 4. Bc4 Nf6 5. Nc3 O-O 6. h3 a6 7. Qe2 b5 8. Bb3
Bb7 9. Bb2 Bd4 10. d3 Qa5 11. Qd2 Bxe4 12. dxe4 Nxe4 13. Nxe4 Qxd2+ 14. Kxd2
Bxb2 15. Rb1 Bd4 16. Nf3 Nc6 17. c3 Bb6 18. Nd6 Bc7 19. Nxf7 Rxf7 20. Ng5 Nd8
21. Bd5 Rb8 22. a4 h6 23. Nxf7 Nxf7 24. axb5 axb5 25. Rb3 Kf8 26. Bxf7 Kxf7 27.
Rhb1 Ke6 28. Rxb5 Rxb5 29. Rxb5 Bd8 30. c4 Kd6 31. Kd3 Bf6 32. Ke4 Kc6 33. Rd5
d6 34. Kf5 Kd7 35. c5 Be7 36. cxd6 Bxd6 37. Rxe5 Bxe5 38. Kxe5 Ke7 39. Kf5 Kf7
40. h4 g6+ 41. Ke5 Ke7 42. g4 Kf7 43. h5 g5 44. Kf5 Kg7 45. Ke6 1-0

[Event "Niederbayrische Einzelmeisterschaft"]
[Site "Röhrnbach"]
[Date "2014.04.24"]
[Round "1.6"]
[White "Scholler, Franz"]
[Black "Stark, Bernhard"]
[Result "1/2-1/2"]
[WhiteElo "1477"]
[BlackElo "1893"]
[PlyCount "53"]
[EventDate "2014.04.??"]
[EventType "swiss"]
[EventRounds "7"]
[EventCountry "GER"]
[SourceDate "2015.12.24"]
[SourceVersion "1"]
[SourceVersionDate "2015.12.24"]
[SourceQuality "1"]
[WhiteTeam "DJK SF Haselbach"]
[BlackTeam "SK Passau"]

1. c4 Nf6 2. Nc3 e5 3. d3 Nc6 4. g3 Be7 5. Bg2 O-O 6. Nf3 d6 7. O-O h6 8. h3
Be6 9. b3 Qd7 10. Kh2 d5 11. d4 exd4 12. Nxd4 Nxd4 13. Qxd4 c5 14. Qd3 d4 15.
Ne4 Bf5 16. f3 Qe6 17. Bd2 Rfe8 18. Rad1 Bf8 19. Rde1 Nxe4 20. fxe4 Bxe4 21.
Bxe4 Qxe4 22. Rf4 Qxd3 23. exd3 Rxe1 24. Bxe1 f6 25. Kg2 Rd8 26. Re4 Kf7 27.
Kf3 1/2-1/2

[Event "Niederbayrische Einzelmeisterschaft"]
[Site "Röhrnbach"]
[Date "2014.04.24"]
[Round "1.7"]
[White "Woitylak, Steffen"]
[Black "Neuwerth, Chulian"]
[Result "1-0"]
[WhiteElo "1888"]
[BlackElo "1441"]
[PlyCount "55"]
[EventDate "2014.04.??"]
[EventType "swiss"]
[EventRounds "7"]
[EventCountry "GER"]
[SourceDate "2015.12.24"]
[SourceVersion "1"]
[SourceVersionDate "2015.12.24"]
[SourceQuality "1"]
[WhiteTeam "TV 1862 Geiselhöring"]
[BlackTeam "SC Castra Batava Passau"]

1. Nf3 d5 2. b3 Nf6 3. Bb2 e6 4. e3 Bd6 5. Ne5 O-O 6. Bd3 Nbd7 7. f4 Nc5 8. Be2
Bxe5 9. fxe5 Nfe4 10. O-O h6 11. d3 Ng5 12. Ba3 b6 13. d4 Nd7 14. Bxf8 Nxf8 15.
Nd2 a5 16. Qe1 Ba6 17. Bxa6 Rxa6 18. h4 Ngh7 19. Rxf7 Kxf7 20. Qf1+ Kg8 21.
Qxa6 Qxh4 22. Rf1 Ng5 23. Nf3 Nh3+ 24. Kh2 Qe4 25. gxh3 Qxc2+ 26. Kg1 Qxa2 27.
Qd3 Qa3 28. Qc3 1-0

[Event "Niederbayrische Einzelmeisterschaft"]
[Site "Röhrnbach"]
[Date "2014.04.24"]
[Round "1.8"]
[White "Lenhard, Alexander"]
[Black "Haselbeck, Franz"]
[Result "0-1"]
[WhiteElo "1430"]
[BlackElo "1827"]
[PlyCount "222"]
[EventDate "2014.04.??"]
[EventType "swiss"]
[EventRounds "7"]
[EventCountry "GER"]
[SourceDate "2015.12.24"]
[SourceVersion "1"]
[SourceVersionDate "2015.12.24"]
[SourceQuality "1"]
[WhiteTeam "SV Deggendorf"]
[BlackTeam "SV Deggendorf"]

1. b3 e5 2. Bb2 Nc6 3. Nf3 d6 4. e3 Nf6 5. Be2 g6 6. O-O Bg7 7. c4 O-O 8. Nc3
e4 9. Ne1 Re8 10. d3 Bf5 11. dxe4 Nxe4 12. Rc1 Nxc3 13. Bxc3 Bxc3 14. Rxc3 Qf6
15. Rc1 Rad8 16. Bf3 Ne5 17. Bxb7 c6 18. Qd4 Qe7 19. Ba6 h5 20. c5 h4 21. cxd6
Rxd6 22. Qf4 Bg4 23. h3 Rf6 24. Qg5 Bf5 25. Qxh4 Kg7 26. Bc4 Rh8 27. Qg3 Nxc4
28. Rxc4 Qa3 29. Ra4 Qb2 30. Nf3 Bd3 31. Re1 Qc3 32. Rf4 Re6 33. Kh2 Be4 34.
Rxf7+ Kxf7 35. Ng5+ Kf6 36. Qf4+ Bf5 37. Rd1 Qe5 38. Nxe6 Kxe6 39. Qxe5+ Kxe5
40. Rd4 Rb8 41. Ra4 Rb7 42. f4+ Kd6 43. e4 Bd7 44. e5+ Kd5 45. Rc4 Bf5 46. g4
Bd3 47. Rc1 Rb4 48. e6 Rxf4 49. Re1 Rf8 50. e7 Re8 51. Kg3 g5 52. h4 gxh4+ 53.
Kxh4 Be4 54. Rd1+ Ke6 55. Rd4 Bd5 56. Rd1 Rh8+ 57. Kg5 Kxe7 58. Rd4 Ke6 59. Ra4
Rg8+ 60. Kf4 Rg7 61. Kg3 Rf7 62. Kh4 Kf6 63. Rf4+ Kg6 64. Rxf7 Kxf7 65. Kg5 Kg7
66. Kf5 Bg2 67. Ke6 Kg6 68. Kd6 Kg5 69. Kc7 Kxg4 70. Kb7 Kf4 71. Kxa7 Ke4 72.
Kb6 Kd4 73. a4 Kd5 74. a5 c5 75. a6 Kd4 76. a7 Ba8 77. Kb5 Kd5 78. Ka4 Kc6 79.
Ka3 Kb5 80. Kb2 Kb4 81. Kc2 Bd5 82. Kb2 Be4 83. Ka2 Kc3 84. Ka3 Bc6 85. Ka2 Kb4
86. Kb2 Bd5 87. Kc2 Bxb3+ 88. Kd3 Bd5 89. Kc2 Kc4 90. Kd2 Kb3 91. Kc1 Be4 92.
Kd2 c4 93. Kc1 c3 94. Kd1 Kb2 95. Ke2 c2 96. Ke3 c1=Q+ 97. Kxe4 Qh1+ 98. Ke5
Qa8 99. Kd6 Qxa7 100. Ke5 Qe3+ 101. Kd5 Qf4 102. Kc5 Kc3 103. Kc6 Qe5 104. Kb6
Qd5 105. Kc7 Qe6 106. Kb7 Kb4 107. Kc7 Kc5 108. Kb7 Qc6+ 109. Ka7 Qb5 110. Ka8
Kc6 111. Ka7 Qb7# 0-1

[Event "Niederbayrische Einzelmeisterschaft"]
[Site "Röhrnbach"]
[Date "2014.04.24"]
[Round "1.9"]
[White "Wolf, Gregor"]
[Black "Seidl, Josef"]
[Result "1-0"]
[WhiteElo "1767"]
[BlackElo "1289"]
[PlyCount "53"]
[EventDate "2014.04.??"]
[EventType "swiss"]
[EventRounds "7"]
[EventCountry "GER"]
[SourceDate "2015.12.24"]
[SourceVersion "1"]
[SourceVersionDate "2015.12.24"]
[SourceQuality "1"]
[WhiteTeam "SC Grafenau"]
[BlackTeam "TSV Kreuzberg"]

1. e4 d6 2. d4 c6 3. Nc3 g6 4. f4 Bg7 5. Nf3 Bg4 6. Bc4 Nf6 7. e5 dxe5 8. fxe5
Nd5 9. Ne4 Qb6 10. c3 Bf5 11. Qe2 Nd7 12. Ng3 Be6 13. Ng5 c5 14. Nxe6 Qxe6 15.
Qf3 N7b6 16. Bb5+ Kd8 17. O-O cxd4 18. Ne4 a6 19. Ng5 Qf5 20. Nxf7+ Kc7 21. Qg3
Bxe5 22. Nxe5 Qe4 23. Nxg6+ e5 24. Nxh8 axb5 25. Re1 Ne3 26. Bxe3 d3 27. Bxb6+
1-0

[Event "Niederbayrische Einzelmeisterschaft"]
[Site "Röhrnbach"]
[Date "2014.04.24"]
[Round "1.11"]
[White "Lichtmannecker, Hans-Juergen"]
[Black "Pichlmeier, Matthias"]
[Result "1-0"]
[WhiteElo "1667"]
[BlackElo "945"]
[PlyCount "71"]
[EventDate "2014.04.??"]
[EventType "swiss"]
[EventRounds "7"]
[EventCountry "GER"]
[SourceDate "2015.12.24"]
[SourceVersion "1"]
[SourceVersionDate "2015.12.24"]
[SourceQuality "1"]
[WhiteTeam "SV Aham"]
[BlackTeam "SC Grafenau"]

1. d4 d5 2. Nc3 e6 3. e4 c6 4. e5 Ne7 5. Bd3 g6 6. f4 Bg7 7. Nf3 Nd7 8. O-O O-O
9. Be3 b6 10. Ne2 Bb7 11. c3 c5 12. Rc1 c4 13. Bb1 f6 14. Qc2 f5 15. Ng5 Qc8
16. Nxe6 Re8 17. Ng5 h6 18. Nf3 Rf8 19. h3 Nb8 20. Nh2 Nbc6 21. Kh1 Qd7 22. Rg1
Qe8 23. g4 Kh8 24. Ng3 Bc8 25. Qg2 Rg8 26. gxf5 Nxf5 27. Nxf5 Bxf5 28. Bxf5
gxf5 29. Qxd5 Ne7 30. Qf3 Qf7 31. Rg2 Ng6 32. Qh5 Kh7 33. Nf3 Rae8 34. Ng5+ Kh8
35. Nxf7+ Kh7 36. Qxg6# 1-0

[Event "Niederbayrische Einzelmeisterschaft"]
[Site "Röhrnbach"]
[Date "2014.04.24"]
[Round "1.12"]
[White "Hartl, Konstantin"]
[Black "Zinner, Bernhard"]
[Result "0-1"]
[WhiteElo "944"]
[BlackElo "1667"]
[PlyCount "42"]
[EventDate "2014.04.??"]
[EventType "swiss"]
[EventRounds "7"]
[EventCountry "GER"]
[SourceDate "2015.12.24"]
[SourceVersion "1"]
[SourceVersionDate "2015.12.24"]
[SourceQuality "1"]
[WhiteTeam "SC Grafenau"]
[BlackTeam "TV 1862 Geiselhöring"]

1. e4 d5 2. Nc3 d4 3. Nb5 a6 4. Na3 e5 5. Bc4 Nf6 6. d3 b5 7. Bb3 c5 8. Bg5 Be7
9. Nf3 Nc6 10. Qd2 h6 11. Bd5 Nxd5 12. Bxe7 Ndxe7 13. O-O O-O 14. c4 b4 15. Nc2
Bg4 16. h3 Bxf3 17. gxf3 Ng6 18. Rfe1 Qh4 19. Kf1 Nf4 20. Reb1 Qxh3+ 21. Ke1
Qh1# 0-1

[Event "Niederbayrische Einzelmeisterschaft"]
[Site "Röhrnbach"]
[Date "2014.04.24"]
[Round "2.1"]
[White "Haselbeck, Franz"]
[Black "Mueller, Michael"]
[Result "1-0"]
[WhiteElo "1827"]
[BlackElo "2088"]
[PlyCount "57"]
[EventDate "2014.04.??"]
[EventType "swiss"]
[EventRounds "7"]
[EventCountry "GER"]
[SourceDate "2015.12.24"]
[SourceVersion "1"]
[SourceVersionDate "2015.12.24"]
[SourceQuality "1"]
[WhiteTeam "SV Deggendorf"]
[BlackTeam "SC Bayerwald Regen/Zwiesel"]

1. Nf3 d6 2. g3 Nf6 3. Bg2 g6 4. d3 Bg7 5. e4 c5 6. O-O O-O 7. c3 Nc6 8. Re1 e5
9. a3 h6 10. b4 a6 11. Nbd2 Re8 12. Rb1 b5 13. Nb3 cxb4 14. cxb4 Be6 15. Bb2
Nd7 16. d4 Bxb3 17. Qxb3 Nxd4 18. Nxd4 exd4 19. Rbd1 Qb6 20. e5 dxe5 21. Bxa8
Rxa8 22. Qd5 Rd8 23. Rc1 Nb8 24. Qf3 f5 25. Rc5 Qd6 26. Qb3+ Kf8 27. Rec1 d3
28. Rc7 Qf6 29. Bxe5 1-0

[Event "Niederbayrische Einzelmeisterschaft"]
[Site "Röhrnbach"]
[Date "2014.04.24"]
[Round "2.2"]
[White "Stadler, Alexander"]
[Black "Woitylak, Steffen"]
[Result "1-0"]
[WhiteElo "2057"]
[BlackElo "1888"]
[PlyCount "69"]
[EventDate "2014.04.??"]
[EventType "swiss"]
[EventRounds "7"]
[EventCountry "GER"]
[SourceDate "2015.12.24"]
[SourceVersion "1"]
[SourceVersionDate "2015.12.24"]
[SourceQuality "1"]
[WhiteTeam "SV Deggendorf"]
[BlackTeam "TV 1862 Geiselhöring"]

1. Nf3 f5 2. d4 Nf6 3. c4 e6 4. g3 c6 5. Bg2 Bb4+ 6. Bd2 Bxd2+ 7. Nbxd2 O-O 8.
Qc2 d5 9. e3 Ne4 10. O-O Nd7 11. Nxe4 fxe4 12. Nd2 Nf6 13. f3 exf3 14. Nxf3 Ng4
15. Rae1 dxc4 16. Qxc4 Qd5 17. Nd2 Qxc4 18. Rxf8+ Kxf8 19. Nxc4 Ke7 20. h3 Nf6
21. e4 b5 22. Nd2 Bb7 23. e5 Nd5 24. Ne4 Rd8 25. Nd6 Ba8 26. Rf1 Rf8 27. Rxf8
Kxf8 28. Bxd5 exd5 29. b4 c5 30. dxc5 a6 31. Kf2 Ke7 32. Ke3 g6 33. Kd4 Bc6 34.
Nc8+ Kd8 35. Nb6 1-0

[Event "Niederbayrische Einzelmeisterschaft"]
[Site "Röhrnbach"]
[Date "2014.04.24"]
[Round "2.3"]
[White "Zinner, Bernhard"]
[Black "Fuchs, Michael"]
[Result "0-1"]
[WhiteElo "1667"]
[BlackElo "2031"]
[PlyCount "64"]
[EventDate "2014.04.??"]
[EventType "swiss"]
[EventRounds "7"]
[EventCountry "GER"]
[SourceDate "2015.12.24"]
[SourceVersion "1"]
[SourceVersionDate "2015.12.24"]
[SourceQuality "1"]
[WhiteTeam "TV 1862 Geiselhöring"]
[BlackTeam "DJK SF Haselbach"]

1. d4 Nf6 2. c4 g6 3. Nf3 Bg7 4. Nc3 O-O 5. e3 d6 6. Bd3 Nbd7 7. O-O e5 8. dxe5
Nxe5 9. Nxe5 dxe5 10. Qc2 c6 11. Rd1 Qe7 12. f3 Be6 13. Kh1 Rfd8 14. a3 a5 15.
Na4 e4 16. Be2 Rxd1+ 17. Bxd1 b5 18. cxb5 cxb5 19. Qc5 Qd7 20. Nc3 Rd8 21. Be2
Bc4 22. Qd4 Qc7 23. Nxb5 Bxb5 24. Bxb5 Rxd4 25. exd4 exf3 26. gxf3 Qb7 27. Be2
Qe7 28. Bd3 Qe1+ 29. Kg2 Bh6 30. b4 Bxc1 31. bxa5 Qd2+ 32. Kg3 Nh5+ 0-1

[Event "Niederbayrische Einzelmeisterschaft"]
[Site "Röhrnbach"]
[Date "2014.04.24"]
[Round "2.4"]
[White "Palmi, Herbert"]
[Black "Wolf, Gregor"]
[Result "1/2-1/2"]
[WhiteElo "1946"]
[BlackElo "1767"]
[PlyCount "62"]
[EventDate "2014.04.??"]
[EventType "swiss"]
[EventRounds "7"]
[EventCountry "GER"]
[SourceDate "2015.12.24"]
[SourceVersion "1"]
[SourceVersionDate "2015.12.24"]
[SourceQuality "1"]
[WhiteTeam "SC Bayerwald Regen/Zwiesel"]
[BlackTeam "SC Grafenau"]

1. e4 c5 2. Nf3 d6 3. c3 Nf6 4. Be2 Nbd7 5. d3 e6 6. Nbd2 Be7 7. b4 cxb4 8.
cxb4 d5 9. a3 dxe4 10. dxe4 O-O 11. Bb2 b6 12. Nd4 Bb7 13. f3 a6 14. O-O b5 15.
N2b3 Qb6 16. Kh1 Rac8 17. Na5 Ba8 18. Rc1 Rc7 19. Rxc7 Qxc7 20. Qd2 Qd6 21. Rd1
Rc8 22. Rc1 Rxc1+ 23. Qxc1 Bd8 24. Nab3 Qc7 25. Qd1 Qa7 26. Qc1 Qc7 27. Qd2 Qa7
28. Bd3 Bb6 29. Qg5 Qc7 30. Ne2 h6 31. Qc1 Qxc1+ 1/2-1/2

[Event "Niederbayrische Einzelmeisterschaft"]
[Site "Röhrnbach"]
[Date "2014.04.24"]
[Round "2.5"]
[White "Fuchs, Mirjana"]
[Black "Berisha, Regjep"]
[Result "0-1"]
[WhiteElo "1709"]
[BlackElo "1949"]
[PlyCount "56"]
[EventDate "2014.04.??"]
[EventType "swiss"]
[EventRounds "7"]
[EventCountry "GER"]
[SourceDate "2015.12.24"]
[SourceVersion "1"]
[SourceVersionDate "2015.12.24"]
[SourceQuality "1"]
[WhiteTeam "DJK SF Haselbach"]
[BlackTeam "SV Röhrnbach"]

1. e4 c5 2. Nc3 Nc6 3. f4 b6 4. Nf3 Bb7 5. d4 cxd4 6. Nxd4 g6 7. Bc4 Bg7 8. Be3
Rc8 9. Nxc6 Bxc6 10. Bd4 Nf6 11. Qd3 O-O 12. O-O d6 13. f5 Ng4 14. Bxg7 Kxg7
15. Qd4+ Ne5 16. fxg6 hxg6 17. Bb3 Qd7 18. Rf4 f6 19. Nd5 Bxd5 20. Qxd5 Rc5 21.
Qd4 Rh8 22. Raf1 Rh5 23. Qf2 Ng4 24. Qg3 Nxh2 25. R1f2 Rcg5 26. Qc3 Ng4 27. Rd2
Ne5 28. Qd4 Qh3 0-1

[Event "Niederbayrische Einzelmeisterschaft"]
[Site "Röhrnbach"]
[Date "2014.04.24"]
[Round "2.6"]
[White "Stark, Bernhard"]
[Black "Lichtmannecker, Hans-Juergen"]
[Result "1/2-1/2"]
[WhiteElo "1893"]
[BlackElo "1667"]
[PlyCount "91"]
[EventDate "2014.04.??"]
[EventType "swiss"]
[EventRounds "7"]
[EventCountry "GER"]
[SourceDate "2015.12.24"]
[SourceVersion "1"]
[SourceVersionDate "2015.12.24"]
[SourceQuality "1"]
[WhiteTeam "SK Passau"]
[BlackTeam "SV Aham"]

1. d4 d6 2. e4 e5 3. Nf3 Nc6 4. Bb5 Bd7 5. Nc3 Nf6 6. a4 h6 7. h3 Be7 8. Be3 a6
9. Bc4 O-O 10. O-O exd4 11. Nxd4 Nxd4 12. Bxd4 Be6 13. Bxe6 fxe6 14. f4 c5 15.
Bf2 Qc7 16. Re1 Rad8 17. Qe2 e5 18. f5 Qd7 19. Rad1 Qe8 20. Kh2 Rb8 21. Bh4 Qc6
22. Bxf6 Bxf6 23. Ra1 b5 24. axb5 axb5 25. Ra7 Rf7 26. Rxf7 Kxf7 27. Ra1 Qb7
28. Nd5 Bd8 29. Qh5+ Kf8 30. Qg6 Be7 31. f6 Bxf6 32. Nxf6 gxf6 33. Rf1 Qg7 34.
Rxf6+ Kg8 35. Rxd6 Qxg6 36. Rxg6+ Kf7 37. Rxh6 c4 38. Rd6 Ke7 39. Rd5 Kf6 40.
c3 Rb7 41. g4 b4 42. Rc5 bxc3 43. bxc3 Kg5 44. Rxe5+ Kf4 45. Rf5+ Kxe4 46. Rf1
1/2-1/2

[Event "Niederbayrische Einzelmeisterschaft"]
[Site "Röhrnbach"]
[Date "2014.04.24"]
[Round "2.7"]
[White "Albrecht, Manuel"]
[Black "Scholler, Franz"]
[Result "1/2-1/2"]
[WhiteElo "1662"]
[BlackElo "1477"]
[PlyCount "36"]
[EventDate "2014.04.??"]
[EventType "swiss"]
[EventRounds "7"]
[EventCountry "GER"]
[SourceDate "2015.12.24"]
[SourceVersion "1"]
[SourceVersionDate "2015.12.24"]
[SourceQuality "1"]
[WhiteTeam "SK Landau-Dingolfing"]
[BlackTeam "DJK SF Haselbach"]

1. e4 c5 2. Nf3 d6 3. d4 cxd4 4. Nxd4 Nf6 5. Nc3 g6 6. Be3 Bg7 7. Be2 Nc6 8.
O-O O-O 9. Bf3 Bd7 10. Re1 Ne5 11. h3 Nxf3+ 12. Qxf3 Bc6 13. Nxc6 bxc6 14. e5
Nd5 15. exd6 Qxd6 16. Bd2 e6 17. Rad1 Qc5 18. a3 a5 1/2-1/2

[Event "Niederbayrische Einzelmeisterschaft"]
[Site "Röhrnbach"]
[Date "2014.04.24"]
[Round "2.8"]
[White "Pichlmeier, Matthias"]
[Black "Wilhelm, Walter"]
[Result "0-1"]
[WhiteElo "945"]
[BlackElo "1597"]
[PlyCount "86"]
[EventDate "2014.04.??"]
[EventType "swiss"]
[EventRounds "7"]
[EventCountry "GER"]
[SourceDate "2015.12.24"]
[SourceVersion "1"]
[SourceVersionDate "2015.12.24"]
[SourceQuality "1"]
[WhiteTeam "SC Grafenau"]
[BlackTeam "TSV Kreuzberg"]

1. e4 c5 2. Nf3 d6 3. c3 Nf6 4. Be2 Nxe4 5. Qa4+ Nc6 6. Qxe4 g6 7. Qc2 Bf5 8.
d3 Bg7 9. O-O O-O 10. Be3 c4 11. Nbd2 b5 12. b3 d5 13. bxc4 dxc4 14. Rad1 cxd3
15. Bxd3 Bxd3 16. Qc1 Bxf1 17. Nxf1 Qa5 18. a3 Qxc3 19. Bh6 Qxc1 20. Bxc1 Rfd8
21. Re1 e6 22. h3 Rd5 23. Bg5 h6 24. Be3 Rad8 25. Rc1 Na5 26. Bxa7 Nc4 27. Be3
Nxe3 28. Nxe3 Rd3 29. Nc2 Rd1+ 30. Rxd1 Rxd1+ 31. Kh2 e5 32. h4 e4 33. Ng1 Rd2
34. Ne3 Be5+ 35. Kh3 Rxf2 36. Ng4 Rf1 37. Ne2 Rh1+ 38. Nh2 Rxh2+ 39. Kg4 Rxg2+
40. Kh3 Rxe2 41. Kg4 Kg7 42. a4 h5+ 43. Kh3 Rh2# 0-1

[Event "Niederbayrische Einzelmeisterschaft"]
[Site "Röhrnbach"]
[Date "2014.04.24"]
[Round "2.9"]
[White "Seidl, Josef"]
[Black "Haas, Karl-Heinz"]
[Result "0-1"]
[WhiteElo "1289"]
[BlackElo "1564"]
[PlyCount "92"]
[EventDate "2014.04.??"]
[EventType "swiss"]
[EventRounds "7"]
[EventCountry "GER"]
[SourceDate "2015.12.24"]
[SourceVersion "1"]
[SourceVersionDate "2015.12.24"]
[SourceQuality "1"]
[WhiteTeam "TSV Kreuzberg"]
[BlackTeam "DJK SF Haselbach"]

1. Nf3 e6 2. c4 Nf6 3. b3 d5 4. Bb2 Be7 5. g3 O-O 6. Bg2 Nbd7 7. O-O Rb8 8. d3
a6 9. Nbd2 b5 10. e4 Bb7 11. a3 dxe4 12. dxe4 Nxe4 13. Re1 Nef6 14. b4 c5 15.
cxb5 axb5 16. bxc5 Nxc5 17. Be5 Rc8 18. Bf1 Nd3 19. Re3 Nxe5 20. Rxe5 Nd5 21.
Rc1 Bf6 22. Rxc8 Qxc8 23. Re1 Nc3 24. Qb3 Qc6 25. Re3 Rd8 26. Rd3 Rxd3 27. Bxd3
Bg5 28. Ne4 Nxe4 29. Qxb5 Qxb5 30. Bxb5 Be7 31. a4 Bc5 32. Ne5 Bxf2+ 33. Kf1
Bd4 34. Nc4 Bc3 35. a5 Nd2+ 36. Nxd2 Bxd2 37. a6 Ba8 38. Bd7 Be3 39. Bc8 Ba7
40. Ke2 Kf8 41. Bb7 Bxb7 42. axb7 Bb8 43. Kd3 Ke7 44. Kc4 Kd6 45. h4 f5 46. h5
h6 0-1

[Event "Niederbayrische Einzelmeisterschaft"]
[Site "Röhrnbach"]
[Date "2014.04.24"]
[Round "2.10"]
[White "Angerer, Dieter"]
[Black "Lenhard, Alexander"]
[Result "1-0"]
[WhiteElo "1531"]
[BlackElo "1430"]
[PlyCount "93"]
[EventDate "2014.04.??"]
[EventType "swiss"]
[EventRounds "7"]
[EventCountry "GER"]
[SourceDate "2015.12.24"]
[SourceVersion "1"]
[SourceVersionDate "2015.12.24"]
[SourceQuality "1"]
[WhiteTeam "SC Sonnen"]
[BlackTeam "SV Deggendorf"]

1. e4 e5 2. Nf3 f5 3. Nc3 d6 4. Bc4 Nf6 5. d3 f4 6. Ng5 Bg4 7. f3 Bh5 8. Bd2
Nfd7 9. Nh3 Qh4+ 10. Nf2 Nc6 11. Nd5 O-O-O 12. c3 Bf7 13. Qe2 Bxd5 14. Bxd5 Ne7
15. Be6 Qf6 16. Bb3 Nc6 17. O-O-O Nc5 18. Bc2 Qf7 19. Kb1 Be7 20. Bc1 Bh4 21.
d4 Bxf2 22. Qxf2 Na6 23. d5 Ne7 24. Qxa7 c6 25. dxc6 Nxc6 26. Qb6 Nc5 27. Rd5
Qg6 28. Rg1 Ne7 29. Rd2 Rd7 30. b4 Na6 31. Ba4 Rc7 32. Rxd6 Nd5 33. Rxg6 Nxc3+
34. Ka1 hxg6 35. b5 Nb4 36. Qe6+ Kb8 37. b6 Rc5 38. Qd6+ Ka8 39. Qxc5 Ne2 40.
Qxb4 Kb8 41. Re1 Nd4 42. Qd6+ Ka8 43. Qxe5 Rd8 44. Bb2 Nc6 45. Bxc6 bxc6 46.
Qc7 Rd7 47. Qc8# 1-0

[Event "Niederbayrische Einzelmeisterschaft"]
[Site "Röhrnbach"]
[Date "2014.04.24"]
[Round "2.11"]
[White "Huber, Florian"]
[Black "Pauli, Anton"]
[Result "1-0"]
[WhiteElo "1517"]
[BlackElo "1208"]
[PlyCount "53"]
[EventDate "2014.04.??"]
[EventType "swiss"]
[EventRounds "7"]
[EventCountry "GER"]
[SourceDate "2015.12.24"]
[SourceVersion "1"]
[SourceVersionDate "2015.12.24"]
[SourceQuality "1"]
[WhiteTeam "SK Landau-Dingolfing"]
[BlackTeam "SV Röhrnbach"]

1. d4 d5 2. Nf3 Nf6 3. e3 Bg4 4. h3 Bf5 5. c4 c6 6. Nc3 e6 7. Be2 Bb4 8. O-O
Nbd7 9. Qb3 Bxc3 10. bxc3 b6 11. Ba3 h6 12. cxd5 exd5 13. c4 Be6 14. Rac1 Rb8
15. cxd5 Bxd5 16. Bc4 b5 17. Bxd5 cxd5 18. Rc6 a5 19. Bd6 Rb7 20. Rfc1 Nb6 21.
Qxb5 Nfd7 22. Ne5 f6 23. Nxd7 Kf7 24. Nxb6 Kg6 25. Qxd5 Rxb6 26. Qe4+ Kg5 27.
Qg4# 1-0